| 000 | 00908nam a2200253Ia 4500 | ||
|---|---|---|---|
| 003 | OSt | ||
| 005 | 20221005111858.0 | ||
| 006 | a|||||r|||| 00| 0 | ||
| 007 | ta | ||
| 008 | 221004b |||||||| |||| 00| 0 san d | ||
| 024 | _a2340 | ||
| 037 |
_bGift, 13/02/2013, _cTextual |
||
| 040 |
_aCRL _cCRL _bsan |
||
| 041 |
_2san _asan |
||
| 082 | _aO15,1:g, 152P7 | ||
| 100 | _aद्विवेदी, रेवाप्रसाद | ||
| 245 | 0 | _aसंस्कृतकाव्यशास्त्र | |
| 246 | _aSanskṛutakāvyashāstra | ||
| 260 |
_aवाराणसी _bकालिदास संस्थान भारत _c2007 |
||
| 300 |
_a502पृ0 _ccm. |
||
| 650 | _aसंस्कृत साहित्य | ||
| 942 |
_hO15,1:g, 152P7 _cTEXL _2cc |
||
| 999 |
_c1023168 _d1023168 |
||